| 000 | 00739nam a2200217Ia 4500 | ||
|---|---|---|---|
| 001 | 9387 | ||
| 003 | GE_BSU | ||
| 008 | 181216s||||||||xx |||||||||||||| ||und|| | ||
| 040 | _cGE_BSU | ||
| 080 | _a821.353.1–6 | ||
| 100 | _aმესხი,სერგეი | ||
| 245 | _aწერილები | ||
| 245 | _cრედ. იოსებ ბოცვაძე.წინასიტყვ. და შენიშვნ.–თ | ||
| 260 | _aსოხუმი | ||
| 260 | _bაფხაზეთის სახელგამი | ||
| 260 | _c1950 | ||
| 300 | _a292გვ პორტრ.20სმ. | ||
| 520 | _aშენიშვ.225-284. სახ.საძ. გვ.285-292 | ||
| 653 | _aწერილები | ||
| 942 | _cBK | ||
| 999 |
_c42683 _d42683 |
||